000
00188 a2200097 4500
020
_a
9780439397827
041
_a
spa
100
_a
Hillenbrand,will
245
_a
En la estacion
942
_c
BK
999
_c
11202
_d
11202